000 00278nam a2200109Ia 4500
008 200302s9999 xx 000 0 und d
100 _aLilian Chee
245 _aNus Design Architecture Landscape Urban Design
260 _bDepartment of Archi
260 _c2013
300 _a283 P.,
999 _c5853
_d5853